[Event "FIDE World Cup 2017"]
[Site "Tbilisi"]
[Date "2017.09.09"]
[Round "3.1"]
[White "Wang, Hao"]
[Black "Kuzubov, Yuriy"]
[Result "1/2-1/2"]
[WhiteElo "2701"]
[BlackElo "2688"]
[Annotator "TA"]
[PlyCount "134"]
[EventDate "2017.??.??"]
[EventType "k.o."]
[EventCountry "GEO"]
[SourceTitle "playchess.com"]
[Source "ChessBase"]
[SourceQuality "1"]

{[%evp 15,134,27,28,0,0,0,-12,0,0,-10,-13,-27,-31,-52,-16,-6,0,-54,-50,-51,-50,-50,-51,-62,-26,-30,-18,-27,-16,-22,0,0,0,-23,-16,-32,-10,-57,-66,-68,-68,-54,-52,-63,-60,-60,-58,-60,-58,-54,-57,-59,-59,-58,-50,-59,-56,-47,-57,-60,-21,-20,-18,-17,-10,-14,-19,-17,0,0,0,0,0,0,0,0,0,0,0,0,0,0,0,0,0,0,0,0,0,0,0,0,0,0,0,0,0,0,0,0,0,0,0,0,0,0,0,0,0,0,0,0,0,0,0,0,0,0,0,0,0]} 1. e4 e5 2. Bc4 Nf6 3. d3 c6 4. Nf3 Be7 5. O-O d6 6. c3 O-O 7. Bb3 Nbd7 {C24: Bishop's Opening: 2...Nf6} 8. Nbd2 (8. Re1 Nc5 9. Bc2 Bg4 10. Nbd2 Ne6 11. h3 Bh5 12. Nf1 Nd7 13. g4 Bg6 14. Ng3 Ng5 15. Bxg5 Bxg5 16. d4 Bf4 17. Ne2 Qf6 18. Kg2 exd4 19. Nfxd4 {1-0 (33) Carlsen,M (2840)-Wei,Y (2706) Wijk aan Zee 2017}) 8... d5 {LiveBook: 4 Games} 9. exd5 cxd5 10. Re1 Bd6 11. Nf1 h6 $1 12. Ng3 $146 ({Predecessor:} 12. Ne3 Nb6 13. Nh4 Re8 14. Qf3 e4 15. dxe4 dxe4 {½-½ (23) Moroz,A (2493)-Kirnos,E (2303) Alushta 1999}) 12... Re8 13. d4 e4 14. Nh4 Nf8 (14... Bxg3 $5 15. fxg3 (15. hxg3 Nb6 $17) 15... b5 $15) 15. Nhf5 Bc7 16. Be3 ({Better is} 16. Rf1 $11) 16... Ng6 $15 17. f3 Bxf5 18. Nxf5 Qd7 19. Ng3 Bxg3 20. hxg3 Re7 21. Qd2 Rae8 {White should prevent ...exf3.} 22. Bf2 h5 23. Bc2 Re6 24. Rad1 Ne7 25. Qf4 {[%cal Rf3e4]} Qb5 26. Bb3 a5 {[%cal Ba7a5,Ba5a4][%mdl 32]} 27. Qg5 a4 28. c4 $1 {[%cal Rc4b5]} Qc6 29. cxd5 Nexd5 30. Bxd5 Qxd5 31. Qxd5 Nxd5 32. fxe4 Rxe4 33. Rxe4 Rxe4 {[%mdl 4096] Endgame KRB-KRN} 34. Kf1 Re6 35. Rc1 $1 Rb6 36. Rc5 Nf6 37. Rc2 Rb5 38. Ke2 {The position is equal.} Kf8 39. Kd3 Ke7 40. Kc4 Rf5 41. Kb4 $1 b5 42. Ka5 Kd7 43. Be1 Ne4 44. Bb4 Nd6 45. b3 axb3 46. axb3 Rg5 47. Bxd6 Kxd6 $11 {KR-KR} 48. Rc3 Rd5 49. Rd3 f5 50. b4 g5 51. Kb6 f4 52. gxf4 gxf4 53. Rf3 Rf5 54. Rc3 (54. d5 $5) 54... h4 55. Rc6+ Kd5 56. Rc5+ ({Much weaker is} 56. Kxb5 h3 $17) 56... Ke4 57. Rxf5 ({Avoid the trap} 57. Rxb5 $2 Rxb5+ 58. Kxb5 Kd5 $19) 57... Kxf5 {K3P-K3P} 58. d5 $1 {[%cal Rd5d6] [#] And now d6 would win.} h3 ({But not} 58... f3 $2 59. gxf3 Ke5 60. Kc6 $18) 59. gxh3 {K3P-KPP} f3 60. d6 {aiming for d7.} Ke6 61. Kc7 f2 62. d7 f1=Q {[#] ( -> ...Qc4+)} 63. d8=Q {Threatens to win with Qd6+.} Qc4+ 64. Kb6 {Hoping for Qe8+.} Qxb4 65. Qe8+ Kf6 66. Qxb5 Qxb5+ 67. Kxb5 Kg5 {Precision: White = 79%, Black = 76%.} 1/2-1/2

[Event "FIDE World Cup 2017"]
[Site "Tbilisi"]
[Date "2017.09.09"]
[Round "3.1"]
[White "Artemiev, Vladislav"]
[Black "Dubov, Daniil"]
[Result "1/2-1/2"]
[WhiteElo "2692"]
[BlackElo "2666"]
[Annotator "TA"]
[PlyCount "64"]
[EventDate "2017.??.??"]
[EventType "k.o."]
[EventCountry "GEO"]
[SourceTitle "playchess.com"]
[Source "ChessBase"]
[SourceQuality "1"]

{[%evp 9,64,-12,-8,-13,10,-9,-7,-20,8,-22,0,-41,-16,-42,-33,-31,-22,-54,-50,-59,-17,-25,19,0,24,27,29,0,0,0,0,0,0,-10,-13,-16,0,-37,-12,-10,-17,-16,0,0,0,0,0,0,0,0,0,0,0,0,0,0,0]} 1. d4 Nf6 2. Bg5 d5 3. e3 Bg4 4. f3 Bd7 $146 ({Predecessor:} 4... Bf5 5. Nc3 Bg6 6. Nge2 Nbd7 7. Nf4 c6 8. h4 e5 9. dxe5 Nxe5 10. h5 Bf5 11. Qd4 {0-1 (35) Sethuraman,S (2658)-Mohammad,M (2436) Abu Dhabi 2016}) 5. Nd2 c5 6. c3 {D00: 1 d4 d5: Unusual lines} Nc6 7. Bd3 e5 8. Ne2 Be7 9. O-O O-O 10. Kh1 (10. Bxf6 $5 Bxf6 11. dxc5 $11) 10... b6 11. Bb5 Nh5 12. Bxe7 Qxe7 13. g4 Nf6 14. Ng3 g6 {[%cal Re5d4]} 15. e4 dxe4 {White must now prevent ...e3.} 16. d5 (16. g5 $5 {[%cal Rg5f6]} Nd5 17. Qa4 $11) 16... Nb8 {[%cal Bc6b8,Bb8d7,Bd7f6][%mdl 32]} (16... Na5 $5 {[%cal Rd7b5]} 17. Bxd7 e3 $11) 17. Bxd7 Nbxd7 18. g5 Ne8 $1 19. Ndxe4 f5 20. gxf6 $1 Ndxf6 21. d6 Qe6 22. Qb3 c4 23. Qb4 (23. Ng5 {keeps more tension.} Qd5 24. Qa4 b5 25. Qa6 Rd8 26. Rfd1) 23... Rd8 {Threatening ...Nxe4.} 24. Rad1 {The position is equal.} Nxe4 25. Nxe4 Nf6 26. Ng5 Qc8 27. Qb5 $36 {[%mdl 2048] Black is under pressure.} h6 28. Ne4 Qe6 $1 29. Rfe1 Nxe4 30. Rxe4 Rxd6 31. Rxd6 Qxd6 32. Qxc4+ Kg7 {Precision: White = 40%, Black = 33%.} 1/2-1/2

[Event "FIDE World Cup 2017"]
[Site "Tbilisi"]
[Date "2017.09.09"]
[Round "3.1"]
[White "Onischuk, Alexander"]
[Black "Svidler, Peter"]
[Result "1/2-1/2"]
[WhiteElo "2682"]
[BlackElo "2756"]
[Annotator "TA"]
[PlyCount "54"]
[EventDate "2017.??.??"]
[EventType "k.o."]
[EventCountry "GEO"]
[SourceTitle "playchess.com"]
[Source "ChessBase"]
[SourceQuality "1"]

{[%evp 26,54,18,13,27,30,18,18,35,20,24,-22,-20,-20,-15,-15,-17,-16,-12,-60,-45,-45,-31,-54,-31,-32,-8,-23,-10,-3,0]} 1. d4 Nf6 2. c4 g6 3. Nc3 d5 4. cxd5 Nxd5 5. e4 Nxc3 6. bxc3 Bg7 7. Nf3 c5 8. Be3 Qa5 9. Qd2 O-O 10. Rc1 Rd8 11. d5 e6 12. Bg5 {D85: Exchange Grünfeld: Unusual White 7th moves and lines with 7 Nf3} (12. d6 Qa4 13. h4 Qxe4 14. h5 Qd5 15. Qc2 Rxd6 16. hxg6 hxg6 17. Ng5 Nc6 18. Ne4 Rd7 19. Bg5 Bxc3+ 20. Qxc3 Qxe4+ {0-1 (40) Harikrishna,P (2750)-Svidler,P (2755) Moscow 2017}) 12... f6 13. Be3 Nc6 14. Bd3 {LiveBook: 25 Games} Ne7 (14... exd5 {feels hotter.} 15. exd5 c4 16. Bxc4 Be6 17. Rd1 Ne7) 15. c4 Qxd2+ 16. Nxd2 b6 {[#]} 17. O-O $146 ({Find the theoretical novelty and annotate with similar games:} 17. Ke2 Bd7 18. f3 Re8 19. g4 f5 20. Rhg1 {½-½ (20) Tari,A (2571)-Salgado Lopez,I (2651) Izmir 2016}) 17... h6 18. Rfd1 f5 19. f3 g5 20. Nb1 fxe4 21. fxe4 Ng6 22. Nc3 Ne5 23. Be2 Ba6 24. Nb1 Re8 25. Bf2 Rad8 26. h3 exd5 27. exd5 Nf7 {Precision: White = 55%, Black = 56%.} 1/2-1/2

[Event "FIDE World Cup 2017"]
[Site "Tbilisi"]
[Date "2017.09.09"]
[Round "3.1"]
[White "Lenderman, Aleksandr"]
[Black "Vachier-Lagrave, Maxime"]
[Result "1/2-1/2"]
[WhiteElo "2565"]
[BlackElo "2804"]
[Annotator "TA"]
[PlyCount "48"]
[EventDate "2017.??.??"]
[EventType "k.o."]
[EventCountry "GEO"]
[SourceTitle "playchess.com"]
[Source "ChessBase"]
[SourceQuality "1"]

{[%evp 10,48,25,20,24,15,29,10,33,25,32,0,0,0,0,0,0,0,0,0,0,0,17,0,2,0,0,0,0,0,0,0,0,0,0,0,0,0,0,0,7]} 1. Nf3 Nf6 2. c4 c5 3. Nc3 d5 4. cxd5 Nxd5 5. e3 Nxc3 6. dxc3 {LiveBook: 10 Games. A34: Symmetrical English: 2 Nc3, lines with ...d5} Qc7 $146 ({Find the theoretical novelty and annotate with similar games:} 6... Qxd1+ 7. Kxd1 Bf5 8. Nd2 Nc6 9. e4 Bg6 10. Bb5 Rc8 11. h4 h5 12. Re1 e6 13. a4 {0-1 (71) Carlsen,M (2822)-Vachier Lagrave,M (2791) Saint Louis 2017}) 7. e4 Nc6 8. Bd3 {White has an edge.} Bg4 9. h3 Bh5 10. Be2 e6 {The position is equal.} 11. Be3 Be7 12. O-O O-O 13. Nd2 Bxe2 14. Qxe2 Rad8 15. f4 Qd7 16. Nb3 b6 17. Rfd1 Qb7 18. Qb5 {[%cal Rb3c5]} Nb8 19. Bxc5 Bxc5+ 20. Nxc5 Qa8 21. Nd7 Rxd7 22. Rxd7 a6 23. Qd3 Nxd7 24. Qxd7 Qxe4 {Precision: White = 69%, Black = 82%.} 1/2-1/2

[Event "FIDE World Cup 2017"]
[Site "Tbilisi"]
[Date "2017.09.10"]
[Round "3.2"]
[White "Vachier-Lagrave, Maxime"]
[Black "Lenderman, Aleksandr"]
[Result "1/2-1/2"]
[WhiteElo "2804"]
[BlackElo "2565"]
[Annotator "TA"]
[PlyCount "65"]
[EventDate "2017.??.??"]
[EventType "k.o."]
[EventCountry "GEO"]
[SourceTitle "playchess.com"]
[Source "ChessBase"]
[SourceQuality "1"]

{[%evp 23,65,44,44,-12,31,37,59,55,59,59,59,53,59,52,51,48,50,50,51,50,50,41,50,30,33,30,31,30,32,45,45,45,48,48,48,0,0,0,0,0,0,0,0,0]} 1. e4 c6 2. d4 d5 3. e5 Bf5 4. Nf3 e6 5. Be2 c5 6. Be3 cxd4 7. Nxd4 Ne7 {[%cal Bg8e7,Be7c6,Bc6a5,Ba5c4][%mdl 32]} 8. O-O Nbc6 9. Bb5 {B12: Caro-Kann: Advance Variation} a6 10. Bxc6+ Nxc6 11. Nxf5 exf5 12. c3 Be7 {LiveBook: 5 Games} 13. Qb3 $146 (13. Nd2 $14) ({Predecessor:} 13. Nd2 Nxe5 14. Bd4 f6 15. Re1 Nc6 16. Nf3 Qd7 17. Bb6 O-O 18. c4 Bd8 19. Bc5 Be7 20. Bb6 {½-½ (20) Anand,V (2779)-Mamedyarov,S (2768) Doha 2016}) 13... Na5 14. Qc2 Qd7 15. Nd2 Nc4 16. Rfe1 Nxd2 17. Qxd2 Qe6 18. Rad1 Rd8 19. Bg5 (19. f4 {with more complications.} O-O 20. a3 b5 21. Qd3 Rd7 22. g3) 19... Bxg5 20. Qxg5 O-O 21. h4 h6 22. Qf4 Rc8 23. Qf3 Rfd8 24. Rd4 Rc4 25. Qd3 {[#] Strongly threatening Rxc4.} Rxd4 26. Qxd4 $11 {[%mdl 4096] Endgame KQR-KQR} Re8 27. Re3 h5 28. g3 b5 29. Rd3 Qxe5 {The position is equal.} 30. Re3 Qb8 31. Rxe8+ Qxe8 32. Qxd5 f4 33. gxf4 {Precision: White = 61%, Black = 78%.} 1/2-1/2

[Event "FIDE World Cup 2017"]
[Site "Tbilisi"]
[Date "2017.09.10"]
[Round "3.2"]
[White "Kramnik, Vladimir"]
[Black "Ivanchuk, Vassily"]
[Result "0-1"]
[WhiteElo "2803"]
[BlackElo "2727"]
[Annotator "TA"]
[PlyCount "142"]
[EventDate "2017.??.??"]
[EventType "k.o."]
[EventCountry "GEO"]
[SourceTitle "playchess.com"]
[Source "ChessBase"]
[SourceQuality "1"]

{[%evp 23,142,16,22,10,25,0,0,0,0,0,0,-18,0,-12,-8,-12,0,-2,-8,-7,0,0,0,-68,-13,-85,-75,-89,-89,-89,-89,-94,-98,-89,-89,-89,-72,-84,-63,-66,-70,-77,-60,-81,-62,-89,-96,-94,-89,-141,-134,-141,-137,-141,-141,-141,-140,-140,-138,-133,-126,-194,-187,-183,-193,-194,-183,-193,-164,-182,-150,-168,-175,-158,-158,-187,-179,-195,-195,-208,-166,-176,-115,-115,-116,-116,-116,-116,-116,-185,-160,-304,-299,-608,-534,-643,-677,-2184,-2440,-2064,-2155,-2540,-2764,-2449,-2277,-2024,-1797,-12831,-9083,-12835,-12835,-12831,-12832,-6614,-6610,-12837,-10420,-12844,-12843,-12846,-12845]} 1. e4 c6 2. d4 d5 3. exd5 cxd5 4. Bd3 Nc6 5. c3 Nf6 6. Bf4 Bg4 7. Qb3 Qc8 8. Nd2 e6 9. Ngf3 Be7 10. O-O Bh5 11. Rae1 Bg6 12. Bxg6 hxg6 {LiveBook: 5 Games} 13. h4 $146 {B13: Caro-Kann: Exchange Variation and Panov-Botvinnik Attack} ({Predecessor:} 13. Ne5 Nxe5 14. Bxe5 Qc6 15. a4 a6 16. h3 b5 17. Ra1 O-O 18. Bf4 Rfc8 19. Nf3 Ne4 20. Ne5 Qb7 {½-½ (39) Teichmeister,S (2567)-Zhak,B (2445) ICCF email 2008}) 13... a6 14. c4 a5 15. a3 {The position is equal.} a4 16. Qd3 O-O 17. c5 b6 18. cxb6 Qb7 19. Bc7 Nd7 20. Rc1 Rfc8 $1 21. b4 axb3 22. Qxb3 Bxa3 23. Rc3 (23. Rb1 $11) 23... Be7 (23... Bf8 $15) 24. Rfc1 (24. Rb1 $1 $11 {remains equal.}) 24... Nb4 $17 25. Ne5 Nxe5 $1 26. Bxe5 Rxc3 27. Qxc3 {And now Qc7 would win.} Qxb6 28. Nf3 Qd8 29. Qb3 Rc8 30. Ra1 Rc4 31. g3 Qc8 $36 {[%mdl 2048] Black has the initiative.} 32. Kg2 Nc6 (32... Rc3 $5 {[%cal Rc3b3]} 33. Qd1 Nc6 $17) 33. Qb5 Bf8 34. Ra4 Rxa4 35. Qxa4 Nb4 36. Qb5 (36. Bf4 $142) 36... Qc2 37. Qf1 Qe4 38. Qe1 f6 {Threatens to win with ...Qxe1.} 39. Bc7 Nc2 40. Qxe4 dxe4 {[%mdl 4096] Endgame KBN-KBN} 41. Nd2 f5 42. Nb3 (42. Bb6 $17) 42... Ne1+ $1 $19 43. Kf1 {[#]} Nf3 $1 44. Ke2 Kf7 45. Bb6 Bb4 46. Ke3 Ke8 47. Bc5 Bc3 48. Ba3 Kf7 49. Bd6 Kf6 50. Bc7 Ke7 51. Bb8 Bb2 52. Bf4 Kd8 ({Black should play} 52... Ba3 $19 53. Bb8 Bb2) 53. Bd6 $17 Kd7 54. Bf8 {[#]} Kc6 $1 55. Bxg7 {aiming for d5+!} Kd5 56. Bf6 (56. Ke2 $17 {was called for.}) 56... Bc3 $19 57. Ke2 (57. g4 $17) 57... Kc4 ({Less strong is} 57... Bxd4 58. Nxd4 Nxd4+ 59. Ke3 $17) 58. Nc5 $2 (58. Nc1) 58... e5 {[%cal Be6e5,Be5d4,Bd4d3][%mdl 32] Black is clearly winning.} 59. Nd7 exd4 60. Bd8 d3+ 61. Kd1 Bd4 62. Bb6 Bxb6 63. Nxb6+ {KN-KN} Kd4 64. Nc8 Ne5 65. Ne7 Ng4 66. Ke1 Kc3 {( -> ...Kc2)} 67. Nd5+ Kb3 68. Kd2 Nxf2 69. h5 gxh5 {[%cal Bg6h5,Bh5h4,Bh4h3][%mdl 32]} 70. Ne3 h4 71. Nxf5 h3 {Precision: White = 35%, Black = 77%.} 0-1

[Event "FIDE World Cup 2017"]
[Site "Tbilisi"]
[Date "2017.09.10"]
[Round "3.2"]
[White "So, Wesley"]
[Black "Vallejo Pons, Francisco"]
[Result "1/2-1/2"]
[WhiteElo "2792"]
[BlackElo "2717"]
[Annotator "TA"]
[PlyCount "57"]
[EventDate "2017.??.??"]
[EventType "k.o."]
[EventCountry "GEO"]
[SourceTitle "playchess.com"]
[Source "ChessBase"]
[SourceQuality "1"]

{[%evp 25,57,43,75,-27,-21,-24,-31,-24,-9,-28,-21,-32,-38,-38,-35,-20,-27,-47,-33,-32,-25,-33,0,-2,0,0,0,0,0,0,10,11,14,0]} 1. e4 c5 2. Nf3 Nc6 3. d4 cxd4 4. Nxd4 Nf6 5. Nc3 d6 6. Bg5 e6 7. Qd2 a6 8. O-O-O Bd7 9. f4 Be7 10. Nf3 b5 11. Bxf6 gxf6 12. f5 Qa5 {B69: Sicilian: Richter-Rauzer: 7...a6 8 0-0-0 Bd7 9 f4 Be7 10 Nf3 b5 11 Bxf6} (12... h5 13. Kb1 Qb6 14. Bd3 Ne5 15. fxe6 fxe6 16. Rhf1 b4 17. Ne2 Ng4 18. Rde1 Bf8 19. Nf4 Bh6 20. g3 {1-0 (62) Leko,P (2730)-Dubov,D (2619) Loo 2014}) 13. Kb1 Rc8 {[#] LiveBook: 5 Games} 14. Ne2 $146 (14. Qh6 $16) ({Predecessor:} 14. g3 h5 15. Bh3 Ne5 16. Nxe5 fxe5 17. Rhf1 b4 18. Ne2 Qc5 19. c3 Qc4 20. Qe3 Rb8 21. b3 {1-0 (21) Huschenbeth,N (2532)-Boros,D (2473) Greensboro 2014}) 14... Qxd2 $11 {Black has an edge.} 15. Rxd2 Bf8 16. g3 Ke7 17. fxe6 fxe6 18. Bh3 Bh6 19. Nf4 Ne5 20. Nd4 Ng6 21. Rf1 Nxf4 22. gxf4 b4 23. Rd3 Rc4 24. b3 {The position is equal.} Rc5 25. Bg4 Rc3 26. Rxc3 bxc3 27. Be2 a5 28. Bc4 Rc8 29. Rf3 {Precision: White = 54%, Black = 67%.} 1/2-1/2

[Event "FIDE World Cup 2017"]
[Site "Tbilisi"]
[Date "2017.09.10"]
[Round "3.2"]
[White "Svidler, Peter"]
[Black "Onischuk, Alexander"]
[Result "1-0"]
[WhiteElo "2756"]
[BlackElo "2682"]
[Annotator "TA"]
[PlyCount "127"]
[EventDate "2017.??.??"]
[EventType "k.o."]
[EventCountry "GEO"]
[SourceTitle "playchess.com"]
[Source "ChessBase"]
[SourceQuality "1"]

{[%evp 24,127,22,17,26,25,23,17,12,22,39,48,88,72,79,73,85,47,56,48,60,60,87,87,70,58,68,53,79,42,98,94,93,56,72,41,98,77,82,75,75,44,49,0,54,54,67,58,43,32,65,17,67,41,102,95,102,111,98,74,73,72,78,71,149,83,137,139,202,202,202,164,195,181,439,439,437,437,410,441,449,437,418,414,403,368,406,402,479,469,464,264,442,264,388,376,348,323,12842,12843,12843,12843,12848,12848,12851,29978]} 1. e4 e5 2. Nf3 Nc6 3. Bb5 a6 4. Ba4 Nf6 5. O-O Be7 6. Re1 b5 7. Bb3 O-O 8. a4 b4 9. d3 d6 10. a5 Rb8 11. Nbd2 Be6 12. Bxe6 {C88: Closed Ruy Lopez: Anti-Marshall Systems} fxe6 13. c3 {LiveBook: 5 Games} Nd7 (13... Qe8 14. Nc4 Qg6 15. h3 Nd7 16. Be3 d5 17. Ncd2 bxc3 18. bxc3 Nc5 19. Bxc5 Bxc5 {1-0 (52) Carlsen,M (2822)-Aronian,L (2809) Saint Louis 2017}) 14. Nb3 {White has an edge.} d5 $146 ({Predecessor:} 14... Qe8 15. Be3 h6 16. Nbd2 Nf6 17. d4 bxc3 18. bxc3 exd4 19. Nxd4 Qd7 {½-½ (35) Oliveira,D (2146)-Salzmann,S (2092) LSS email 2013}) 15. Be3 bxc3 16. bxc3 dxe4 17. dxe4 Rb5 18. Qe2 Qb8 (18... Rxb3 $2 19. Qc4 $18) 19. Qc4 Nd8 20. Rad1 Bd6 21. Rb1 Qb7 22. Nbd2 Qc6 23. Rxb5 axb5 24. Qb3 Qa6 25. Ra1 Nc5 $1 {[%cal Rc5b3]} 26. Qb1 Nf7 (26... Ndb7 $14) 27. c4 $16 c6 28. cxb5 cxb5 29. Nb3 Nd7 (29... Na4 $1 $14) 30. Qd3 Rc8 31. h3 h6 32. Nfd2 Nb8 33. Nf3 b4 (33... Nd7 $11) 34. Qd1 $14 Qb7 35. Nfd2 Rc3 36. Nc1 Na6 37. Ne2 Rc8 38. Qb3 $36 {[%mdl 2048] White fights for an advantage.} Qe7 ({Better is} 38... Bc5 $14) 39. Rc1 $16 Rxc1+ 40. Nxc1 Bc5 41. Nd3 Bxe3 42. fxe3 Qd8 43. Nc4 Ng5 (43... Qe8 $142) 44. Nb6 ({Much worse is} 44. Ndxe5 $6 Nxe4 45. Qd3 Qxd3 $14) (44. Ncxe5 Qxa5 45. Qc4 b3 $16) (44. Nxb4 $142 Qb8 45. Nb6) 44... Nc7 (44... Nb8 $142) 45. Qc4 b3 (45... Kh7 $16 46. Na4 (46. Nxb4 Qd1+ 47. Kh2 Qd2 $11) (46. Nxe5 Qd2 $16) 46... Na8) 46. Qxb3 $18 Nxe4 47. Qc2 Qg5 {[#]} 48. Nc4 $1 Nd5 $2 (48... Ng3 {was necessary.} 49. Ndxe5 Qf6) 49. a6 {And now a7 would win.} Nxe3 50. a7 Nxc2 51. a8=Q+ Kh7 52. Qxe4+ Qf5 53. Nd6 Qxe4 54. Nxe4 Kg6 55. g4 Kf7 56. Nxe5+ Ke7 57. Kf2 (57. h4 $142) 57... Nb4 $2 {[#]} (57... g5 {keeps fighting.} 58. Kf3 Nb4) 58. Kf3 (58. h4 $142) 58... Nd5 (58... g5 $142 59. Nc3 Nc2) 59. Ng6+ Kf7 60. Nf4 Nf6 $2 (60... Nc7 61. Nd3 g5) 61. Nxf6 {White is clearly winning.} gxf6 62. Kg3 f5 63. gxf5 exf5 64. Ng2 {Precision: White = 73%, Black = 34%.} (64. h4 $18 Kf6 65. Ne2) 1-0

[Event "FIDE World Cup 2017"]
[Site "Tbilisi"]
[Date "2017.09.10"]
[Round "3.2"]
[White "Fedoseev, Vladimir"]
[Black "Nakamura, Hikaru"]
[Result "1-0"]
[WhiteElo "2731"]
[BlackElo "2781"]
[Annotator "TA"]
[PlyCount "85"]
[EventDate "2017.??.??"]
[EventType "k.o."]
[EventCountry "GEO"]
[SourceTitle "playchess.com"]
[Source "ChessBase"]
[SourceQuality "1"]

{[%evp 11,85,-5,6,18,40,49,47,36,63,56,141,139,141,139,142,118,169,115,162,172,152,146,143,126,84,72,116,101,104,81,60,69,62,65,77,108,166,113,172,166,158,149,208,129,123,128,135,139,133,152,133,114,96,102,178,159,171,147,175,209,221,199,186,218,340,333,582,575,666,648,635,647,782,763,1161,1158]} 1. e4 e5 2. Nf3 Nc6 3. Nc3 Nf6 4. Bb5 Nd4 5. Bc4 Bc5 6. d3 {C48: Four Knights: 4 Bb5, replies other than 4...Bb4} c6 {LiveBook: 10 Games} 7. Nxe5 (7. Nxd4 Bxd4 8. O-O d6 9. Qf3 b5 10. Bb3 a5 11. a3 a4 12. Ba2 Be6 13. Nd1 Bg4 {0-1 (53) Maze,S (2614)-Fressinet,L (2651) Porticcio 2017}) 7... O-O 8. Nxf7 {White is slightly better.} Rxf7 9. Bxf7+ Kxf7 10. Be3 $146 ({Find the theoretical novelty and annotate with similar games:} 10. O-O d6 11. Bg5 h6 12. Bxf6 Qxf6 13. Na4 Qg6 14. Kh1 {1-0 (29) Koscielski,J (2318)-Friedel,M (2083) Essen 2004}) 10... Ne6 (10... d5 $14) 11. Bxc5 $16 Nxc5 12. e5 $1 {[%cal Re5f6]} Ne8 13. d4 Ne6 (13... Na6 $16 {was worth a try.}) 14. O-O (14. f4 $1 $18) 14... d6 15. f4 $1 {[%cal Bf2f4,Bf4e5][%mdl 32]} dxe5 16. fxe5+ Kg8 17. d5 cxd5 18. Nxd5 {Hoping for Qf3.} N8c7 19. c4 Bd7 20. Qg4 {aiming for Rad1.} Nf8 21. Qf3 Ng6 $1 22. Rad1 Ne6 23. h4 Nxh4 (23... Kh8 $16 {might work better.}) 24. Qf7+ $1 $18 Kh8 {[#]} 25. Nf6 $1 {[%mdl 1024] White has strong compensation.} Qb6+ 26. Rf2 Ba4 (26... Ng5 $16 27. Qxd7 (27. Nxd7 Qe3 $16) 27... gxf6) 27. Rd6 Ng5 {[#]} 28. Qe7 $1 $40 {[%mdl 128] Black is in trouble.} Nf5 ({But not} 28... Bc6 $2 29. Nd5 $18 (29. Nh5 Nhf3+ 30. Kf1 Nh2+ 31. Ke1 Qe3+ 32. Kd1 Rg8 $11)) ({Avoid the trap} 28... Nhf3+ $2 29. Kh1 $18) 29. Rxb6 Nxe7 30. Rxb7 Ng6 31. Nh5 Ne6 32. Rff7 {[%cal Rh5g7]} Be8 (32... Bd1 $16) 33. Rxa7 Rd8 34. Rf1 Kg8 35. Ng3 h5 36. Nf5 Kh7 37. b4 {[%cal Bb2b4,Bb4b5][%mdl 32]} h4 (37... Rd2 $142 38. b5 Bd7) 38. b5 Rd2 $2 (38... h3 39. gxh3 Nxe5) 39. Nd6 {White is clearly winning.} h3 40. gxh3 Bd7 41. Rxd7 Ng5 42. Rf5 Nh4 43. Rxg7+ {Precision: White = 96%, Black = 38%.} 1-0

[Event "FIDE World Cup 2017"]
[Site "Tbilisi"]
[Date "2017.09.10"]
[Round "3.2"]
[White "Matlakov, Maxim"]
[Black "Aronian, Levon"]
[Result "1-0"]
[WhiteElo "2728"]
[BlackElo "2802"]
[Annotator "TA"]
[PlyCount "53"]
[EventDate "2017.??.??"]
[EventType "k.o."]
[EventCountry "GEO"]
[SourceTitle "playchess.com"]
[Source "ChessBase"]
[SourceQuality "1"]

{[%evp 16,53,1,0,20,0,35,0,-3,-7,-5,0,0,0,0,0,0,0,108,89,131,89,184,0,200,197,358,342,340,323,5373,5365,5261,3802,1367,773,771,771,5357,1661]} 1. d4 Nf6 2. c4 e6 3. Nc3 d5 4. cxd5 Nxd5 5. e4 Nxc3 6. bxc3 c5 7. Rb1 Be7 {D35: Queen's Gambit Declined: Exchange Variation} 8. Nf3 O-O 9. Bc4 {LiveBook: 11 Games} Qc7 {The position is equal.} 10. Qe2 a6 11. a4 $146 ({Predecessor:} 11. O-O b5 12. Bd3 Nd7 13. h4 e5 14. h5 h6 15. Nxe5 Nxe5 16. dxe5 {0-1 (45) Navara,D (2737)-Dominguez Perez,L (2739) Saint Louis 2017}) 11... cxd4 12. cxd4 Bd7 {...Rc8 is the strong threat.} 13. O-O Rc8 14. Bd3 Bxa4 15. d5 $1 Nd7 16. e5 {Black must now prevent d6.} exd5 (16... Nc5 $1 $11 17. d6 Qd7 18. Bxh7+ Kxh7 19. dxe7 Kg8) 17. e6 $36 {[%mdl 2048] Hoping for exf7+. Black is under strong pressure.} Nf8 18. exf7+ Kxf7 (18... Kh8 $16) 19. Nd4 $2 (19. Re1 $18) 19... Bf6 $2 {[#]} (19... Kg8 $11 {and Black stays safe.}) 20. Bxh7 $1 $18 Qe5 $2 (20... Nxh7 21. Qe6+ Kf8 22. Ba3+ Be7) 21. Rxb7+ Bd7 22. Qg4 Qxd4 $2 (22... Nxh7 23. Rxd7+ Kg8) 23. Rxd7+ {White is clearly winning.} Nxd7 24. Qxd7+ Be7 25. Re1 {[%csl Ge1][%cal Rd7e7]} Qe5 26. Bd2 (26. Rxe5 $2 {leads to mate.} Rxc1+ 27. Re1 Rxe1#) 26... Rd8 {[#]} 27. Qg4 {Precision: White = 63%, Black = 23%.} (27. Rxe5 $2 Rxd7 28. Bf5 Rdd8 $17) (27. Bg6+ $142 $1 {[%mdl 512]} Kf6 (27... Kxg6 28. Qg4+) 28. Qg4 Qxe1+ 29. Bxe1) 1-0